000 00579 a2200169 4500
003 Nust
005 20230306125658.0
040 _cNust
082 _a303.6,ANG
100 _aAngell, Norman
_949180
245 _aPreface to Peace /
_cNorman Angell
260 _aLondon
_bHamish Pub
_c1935
300 _a312,p,'
505 _aPart.1 John Smith’s Concern (Page-11), Part.2 What we know or Might Know (Page-107), Part.3 Economic Factors (Page-173), Part.4 Psychological Factors (Page-218), Part.5 Conclusion (Page-251).
650 _aPreface to Peace
_9109875
942 _2ddc
_cBK
999 _c184797
_d184797